00598nam a2200181 a 4500008004100000020001500041050001400056100001000070245006800080260004700148300001400195350000900209500006300218650001200281650005200293700002500345700004600370120210s1992 ||||||||||||||||| || u a0872201368 aJC 71 Pla aPlato10aRepublicctranslated by G. M. A. Grube; revised by C.D.C. Reeve aIndianapolis, INbHackett Publishingc1992 axx, 300p. a0.00 aIt is thought that "the Republic" was written in c. 380 BC aUTOPIAS aPOLITICAL SCIENCE--ITALY--HISTORY--16TH CENTURY aReeve, C.D.C., 1948- aGrube, G.M.A. (George Maximilian Anthony)